| 000 | 00534nam a22001817a 4500 | ||
|---|---|---|---|
| 999 |
_c157933 _d157933 |
||
| 005 | 20181011114427.0 | ||
| 010 | _aENG-124233 | ||
| 020 |
_a9789350578773 _c175.00 |
||
| 035 | _a EN-107765 | ||
| 037 | _bDBAD/PUB. | ||
| 082 | _a395.52 | ||
| 100 | _aGupta, Seema | ||
| 245 |
_aManners & etiquette @ work place / _cby Seema Gupta |
||
| 260 |
_aNew Delhi _bV&S Publishers _c2017 |
||
| 270 |
_aF-2/16, Ansari Road, Daryaganj, _bNew Delhi _e110002 |
||
| 300 |
_a71p. _c21cm(pbk) _bill. |
||
| 942 |
_2ddc _cEN _mGUP _h395.52 |
||